The moonstone /

Bibliographic Details
Main Author: Collins, Wilkie, 1824-1889
Format: Book
Language:English
Published: New York : The press of the Readers club, [1943]

MARC

Tag First Indicator Second Indicator Subfields
LEADER 00000cam a2200000 4500
001 in00000021272
005 20151007062245.0
008 720718s1943 nyu 00011 eng u
010 |a  43002619  
035 |a (OCoLC)00358710 
035 |9 AAD4365AM 
040 |c WSU  |d TXA  |d UtOrBLW 
049 |a TXAM  |c 1 [108989]  |c 2 [152364] 
050 0 |a PZ3.C697  |b Mo 19 
090 |a PR4494  |b .M62 1943 
092 |a 823  |b C713m, 1943 
100 1 |a Collins, Wilkie,  |d 1824-1889. 
245 1 4 |a The moonstone /  |c by Wilkie Collins, with a foreword by Alexander Woollcott. 
264 1 |a New York :  |b The press of the Readers club,  |c [1943] 
300 |a xiv, 472 pages ;  |c 22 cm. 
336 |a text  |b txt  |2 rdacontent 
337 |a unmediated  |b n  |2 rdamedia 
338 |a volume  |b nc  |2 rdacarrier 
999 |a MARS 
999 f f |s 9254d6ee-92bc-3ac1-94c7-2ded20da0daf  |i 2a7bb3fe-6764-3ac0-88ef-2260837236ac  |t 0 
952 f f |p normal  |a Texas A&M University  |b College Station  |c Sterling C. Evans Library  |d Evans: Library Stacks  |t 0  |e PR4494 .M62 1943  |h Library of Congress classification  |i unmediated -- volume  |m A14801314912 
998 f f |a PR4494 .M62 1943  |t 0  |l Evans: Library Stacks